Política social y pobreza urbana en El Salvador y Costa Rica /
Gardado en:
| Autor Principal: | |
|---|---|
| Formato: | Texto |
| Etiquetas: |
Engadir etiqueta
Sen Etiquetas, Sexa o primeiro en etiquetar este rexistro!
|
MARC
| LEADER | 00000 a a2200000 04500 | ||
|---|---|---|---|
| 001 | 7486 | ||
| 003 | |||
| 040 | |||
| 100 | |a Lungo Uclés, Mario | ||
| 245 | |a Política social y pobreza urbana en El Salvador y Costa Rica / |c Mario Lungo Uclés | ||
| 500 | |a También publicado en la obra: Pobreza, exclusión y política social, Ed. por Rafael Menjívar Larín, Dirk Kruijt y Lieteke van Vucht Tijssen, FLACSO. Programa Costa Rica, Universidad de Utrecht, UNESCO. MOST. N. acceso interno: 14097.01-05 | ||
| 773 | |g número 8; páginas 98-114 | ||
| 999 | |c 37923 |d 37923 | ||
